[Event "43rd Capablanca Memorial Open"]
[Site "Havana CUB"]
[Date "2008.05.08"]
[Round "1"]
[White "Alvarez Pedraza,A"]
[Black "Miranda Mesa,E"]
[Result "1-0"]
[WhiteElo "2420"]
[BlackElo "2240"]

1.d4 d5 2.c4 c6 3.Nf3 Nf6 4.Nc3 a6 5.a4 Nbd7 6.cxd5 cxd5 7.Bf4 Nh5 8.Bd2 Nhf6
9.e3 e6 10.Be2 Bd6 11.O-O O-O 12.Na2 Qe7 13.Qb3 Ne4 14.Bb4 b6 15.Rfc1 Nb8
16.Rc2 Bd7 17.Rac1 a5 18.Bxd6 Qxd6 19.Ne5 Ra7 20.f3 Nf6 21.Bb5 h6 22.Nc3 Qb4
23.Qa2 Rc7 24.Nd3 Qd6 25.Bxd7 Qxd7 26.Qb3 Rfc8 27.Qxb6 Rb7 28.Qxa5 Nc6 29.Qa6 Nb8
30.Qa5 Nc6 31.Qa6 Nb8 32.Qa5 Nc6 33.Qc5 Nb4 34.Qxb4 Rxb4 35.Nxb4 Qa7 36.Nd3 Nd7
37.Nb5 Qxa4 38.Rxc8+ Kh7 39.Na3 Nb6 40.R8c3  1-0

[Event "43rd Capablanca Memorial Open"]
[Site "Havana CUB"]
[Date "2008.05.10"]
[Round "3"]
[White "Otero,D"]
[Black "Prasca Sosa,R"]
[Result "1/2-1/2"]
[WhiteElo "2442"]
[BlackElo "2392"]

1.d4 d5 2.c4 c6 3.Nf3 Nf6 4.Nc3 a6 5.g3 b5 6.c5 Bf5 7.Bg2 g6 8.O-O Bg7 9.b4 Ne4
10.Bb2 a5 11.a4 axb4 12.Nxe4 dxe4 13.Ng5 bxa4 14.Rxa4 Nd7 15.Nxe4 Rb8 16.Ra6 Bxe4
17.Bxe4 Nxc5 18.Bxc6+ Kf8 19.Ra1 Ne6 20.e3 h5 21.Qb3 h4 22.Bd5 Qd7 23.f4 hxg3
24.hxg3 Nc7 25.Bg2 Qg4 26.e4 Qd7 27.e5 e6 28.Ra7 Qd8 29.Rc1 Ne8 30.Rc6 Kg8
31.d5 Rb6 32.Qc4 Rxc6 33.Qxc6 Kh7 34.Qc4 exd5 35.Bxd5 Rf8 36.Kg2 b3 37.Ba3 b2
38.Bxb2 Qb8 39.Rb7 Qa8 40.Qc5 Qa4 41.Qd4 Qc2+ 42.Qf2 Qd3 43.Qf3 Qc2+ 44.Kh3 Nc7
45.Be4 Qd2 46.Qd3 Qxd3 47.Bxd3 Ne6 48.Ba3 Rc8 49.Bb4 Kg8 50.Be4 Bxe5 51.Bxg6 Rc7
52.Rb5 Bxf4 53.Bf5 Bh6 54.Rb8+ Nf8 55.g4 Bg7 56.g5 Rc6 57.Kg4 Rc4+ 58.Kf3 Be5
59.Rxf8+ Kg7 60.Re8 Rf4+ 61.Kg3 Rxf5+ 62.Rxe5 Rxe5 63.Bc3 f6 64.gxf6+ Kxf6
65.Kf4 Ke6 66.Bxe5  1/2-1/2

[Event "43rd Capablanca Memorial Open"]
[Site "Havana CUB"]
[Date "2008.05.10"]
[Round "3"]
[White "Pozo Vera,S"]
[Black "Escobar Forero,A"]
[Result "1/2-1/2"]
[WhiteElo "2451"]
[BlackElo "2454"]

1.d4 d5 2.Nf3 Nf6 3.c4 c6 4.Nc3 a6 5.a4 e6 6.Bg5 Bb4 7.e3 Nbd7 8.cxd5 cxd5
9.Bd3 h6 10.Bh4 b6 11.O-O Bb7 12.Qe2 Qb8 13.Rac1 O-O 14.Rfd1 Re8 15.Bc2 Bd6
16.Bg3 Bxg3 17.hxg3 Qd6 18.Bd3  1/2-1/2

[Event "Kaupthing Open"]
[Site "Differdange LUX"]
[Date "2008.05.11"]
[Round "3"]
[White "Henrichs,T"]
[Black "Risch,M"]
[Result "1/2-1/2"]
[WhiteElo "2497"]
[BlackElo "2017"]

1.d4 d5 2.c4 c6 3.Nf3 Nf6 4.Nc3 a6 5.a4 e6 6.Bg5 Bb4 7.Qb3 a5 8.e3 Nbd7 9.Bd3 h6
10.Bh4 dxc4 11.Bxc4 g5 12.Bg3 Ne4 13.Qc2 Nxg3 14.hxg3 g4 15.Nh4 Qg5 16.Qe2 Nb6
17.Bb3 Nd5 18.Bxd5 exd5 19.O-O Be6 20.e4 O-O 21.Rfe1 Rae8 22.Qf1 Bxc3 23.bxc3 dxe4
24.Rxe4 Bc4 25.Rae1 Rxe4 26.Rxe4  1/2-1/2

[Event "Kaupthing Open"]
[Site "Differdange LUX"]
[Date "2008.05.11"]
[Round "3"]
[White "Gupta,Ab"]
[Black "Delorme,Ax"]
[Result "1-0"]
[WhiteElo "2521"]
[BlackElo "2377"]

1.d4 d5 2.c4 c6 3.Nc3 Nf6 4.Nf3 a6 5.cxd5 cxd5 6.Bf4 Nc6 7.Rc1 Bf5 8.e3 Rc8
9.Be2 e6 10.O-O Be7 11.Qb3 Na5 12.Qa4+ Nc6 13.Bxa6 bxa6 14.Ne5 Qb6 15.Nxc6 Qxc6
16.Nb5 axb5 17.Rxc6 bxa4 18.Rxc8+ Bd8 19.Ra8 Bd3 20.Rc1 Bb5 21.Rcc8 Ke7 22.Rcb8 Bd7
23.Ra6 Ne4 24.Rb7 g5 25.Raa7 gxf4 26.Rxd7+ Ke8  1-0

[Event "FSGM May"]
[Site "Budapest HUN"]
[Date "2008.05.13"]
[Round "11"]
[White "Solomon,K"]
[Black "Bui Vinh"]
[Result "0-1"]
[WhiteElo "2317"]
[BlackElo "2448"]

1.d4 d5 2.Nf3 Nf6 3.c4 c6 4.Nc3 a6 5.c5 Nbd7 6.Bf4 Nh5 7.Bg5 h6 8.Bd2 g6
9.e4 dxe4 10.Nxe4 Ndf6 11.Nxf6+ Nxf6 12.Bc4 Bg7 13.Qb3 Nd5 14.O-O O-O 15.Rfe1 Re8
16.h3 e6 17.Rad1 a5 18.a4 b6 19.cxb6 Nxb6 20.Bd3 Nd7 21.Be4 Rb8 22.Qc2 Bb7
23.Qc1 Kh7 24.Bf4 Rc8 25.Nd2 f5 26.Bf3 Nb6 27.Nc4 Nxc4 28.Qxc4 Qe7 29.Re3 c5
30.d5 Bxd5 31.Bxd5 exd5 32.Qxd5 Qh4 33.Rxe8 Rxe8 34.Be3 Qxa4 35.b3 Qb5 36.Qf7 Rf8
37.Qd5 Rb8 38.Rd3 Rc8 39.h4 Qc6 40.Qxc6 Rxc6 41.Rd7 Kg8 42.Ra7 Bc3 43.Bxh6 c4
44.bxc4 Rxc4 45.g3 a4 46.Kg2 Bd4 47.Ra6 Kf7 48.Bg5 Bb2 49.Kf1 a3 50.Ke1 Ke8
51.Kd2 Kd7 52.Kd3 Rc6 53.Ra7+ Rc7 54.Ra6 Kc8 55.Be3 Rc3+ 56.Kd2 Kb7 57.Rb6+ Kc7
58.Ra6 Rc6 59.Rxc6+ Kxc6 60.Kc2 Kd5 61.Kb3 Ke4 62.Ka2 Bc3 63.Kxa3 Kf3 64.Kb3 Be1
65.Kc2 Bxf2 66.Bg5 Kg4 67.Kd3 Bxg3 68.Ke2 Bxh4  0-1

[Event "43rd Capablanca Memorial Open"]
[Site "Havana CUB"]
[Date "2008.05.14"]
[Round "7"]
[White "Pozo Vera,S"]
[Black "Prasca Sosa,R"]
[Result "1/2-1/2"]
[WhiteElo "2451"]
[BlackElo "2392"]

1.d4 d5 2.Nf3 c6 3.c4 Nf6 4.Nc3 a6 5.a4 e6 6.Bg5 Nbd7 7.cxd5 exd5 8.e3 Be7
9.Qc2 O-O 10.Bd3 Re8 11.O-O a5 12.Rae1 Nf8 13.Ne5 N6d7 14.Bxe7 Qxe7 15.f4 f6
16.Nf3 Nb6 17.f5 Qb4 18.g3 Bd7 19.Na2  1/2-1/2

[Event "III President's Cup"]
[Site "Baku AZE"]
[Date "2008.05.15"]
[Round "4"]
[White "Guliev,Sarh"]
[Black "Kazhgaleyev,M"]
[Result "1/2-1/2"]
[WhiteElo "2487"]
[BlackElo "2617"]

1.d4 Nf6 2.c4 c6 3.Nc3 d5 4.Nf3 a6 5.cxd5 cxd5 6.Bg5 Ne4 7.Bh4 Nc6 8.e3 Nxc3
9.bxc3 g6 10.Bd3 Bg7 11.O-O O-O 12.h3 Na5 13.Nd2 Qc7 14.Nb3 Nc4 15.Qf3 e6
16.Bg3 Qc6 17.Rfc1 b6 18.Bxc4 Qxc4 19.Nd2 Qd3 20.Nb3 a5 21.Rd1 Qc4 22.Nd2 Qc6
23.c4 Bb7 24.Rdc1 Rfc8 25.Rab1 dxc4 26.Qxc6 Rxc6 27.Rxc4 Rac8 28.Rxc6 Rxc6
29.Bb8 Bf8 30.Ne4 Bb4 31.Nf6+ Kf8 32.e4 Ke7 33.e5 Kd8 34.Ba7 b5 35.a3 Ra6
36.Bc5 Bxc5 37.dxc5 Bc6 38.Nxh7 Ke7 39.h4 Ra8 40.Nf6 Rd8 41.Rb3 a4 42.Re3 Rd1+
43.Kh2 Rd2 44.f3 Rc2 45.Kh3 Rxc5 46.g4 Kf8 47.Kg3 Rc1 48.Kf4 Ke7 49.Kg5 Bd5
50.Rd3 Bc6 51.f4 Rc2 52.Kh6 Rc4 53.Kg5 b4 54.axb4 Rxb4 55.Rc3 Rb6 56.h5 gxh5
57.gxh5 Ra6 58.h6 Kf8 59.Rh3 Ra8 60.Ra3 Bd5 61.Nd7+ Ke7 62.Nb6 Rg8+ 63.Kh5 Bb3
64.Nxa4 Bd1+ 65.Kh4 Rg4+ 66.Kh3 Rg6 67.Nc5 Rxh6+ 68.Kg3 Rg6+ 69.Kf2 Rg4 70.Ra7+ Ke8
71.Ke3 Rg3+ 72.Kd4 Bc2 73.Nb7 Kf8 74.Nd6 Bg6 75.Ra8+ Kg7 76.Ne8+ Kh6 77.Nf6 Rf3
78.Rh8+ Kg7 79.Rg8+ Kh6 80.Rh8+ Kg7 81.Rg8+  1/2-1/2

[Event "FSGM May"]
[Site "Budapest HUN"]
[Date "2008.05.15"]
[Round "13"]
[White "Prohaszka,P2"]
[Black "Bui Vinh"]
[Result "1/2-1/2"]
[WhiteElo "2506"]
[BlackElo "2448"]

1.d4 d5 2.c4 c6 3.Nc3 Nf6 4.Nf3 a6 5.c5 Nbd7 6.Bf4 Nh5 7.Qd2 Nxf4 8.Qxf4 b6
9.e4 e6 10.exd5 exd5 11.b4 Be7 12.Bd3 O-O 13.O-O a5 14.a3 Bf6 15.Qd6 Nb8
16.Qxd8 Bxd8 17.cxb6 Bxb6 18.b5 Bg4 19.Na4 Bd8 20.Ne5 cxb5 21.Nxg4 bxa4 22.Bb5 Bb6
23.Rfd1 Na6 24.Bc6 Rad8 25.Rab1 Bc7 26.Bb7 Nb8 27.Ne3 Bd6 28.Rd3 Nd7 29.Bxd5 Rb8
30.Rbd1 Rfc8 31.Nc4 Bf8 32.Nxa5 Rb5 33.Bc6 Rxa5 34.Bxd7 Rc7 35.Bg4 Rb5 36.d5 Bd6
37.Rd4 Rb3 38.Rxa4 Rxa3 39.Rxa3 Bxa3 40.Rd3 Rc1+ 41.Bd1 Bd6 42.g3 g6 43.Kg2 Kf8
44.Ba4 Rc4 45.Bc6 Rc2 46.g4 h6 47.h3 Ra2 48.Rc3 Rd2 49.Bb7 Be5 50.Rf3 Ke7
51.h4 Rd4 52.Re3 Kd6 53.Kh3 Rf4 54.Re2 Rf3+ 55.Kg2 Rf4 56.f3 Rb4 57.Bc6 Rb2
58.Rxb2 Bxb2 59.Kg3 Bc1 60.Kf2 Bf4  1/2-1/2

[Event "Mayors Cup Open"]
[Site "Mumbai IND"]
[Date "2008.05.15"]
[Round "7"]
[White "Mehar,C"]
[Black "Himanshu,Sh"]
[Result "1/2-1/2"]
[WhiteElo "2265"]
[BlackElo "2412"]

1.d4 d5 2.Nf3 Nf6 3.c4 c6 4.Nc3 a6 5.e3 b5 6.b3 Bg4 7.Be2 e6 8.h3 Bh5 9.O-O Bd6
10.Bb2 Nbd7 11.Ne5 Bxe2 12.Nxe2 Qc7 13.cxd5 cxd5 14.Rc1 Qb8 15.Nxd7 Kxd7
16.Qc2 Rc8 17.Qxc8+ Qxc8 18.Rxc8 Rxc8 19.Rc1 Ra8 20.f3 h5 21.Kf2 g6 22.Rc2 Ng8
23.Nc1 Ne7 24.Nd3 Nc6 25.Ke2 Rg8 26.e4 Nb4 27.Nxb4 Bxb4 28.Bc3 Bd6 29.Ba5 f5
30.e5 Bb8 31.a4 Rc8 32.Rxc8 Kxc8 33.axb5 axb5 34.f4 Ba7 35.Kd3 Kd7 36.h4 Kc6
37.Be1 Bb6 38.b4 Bd8 39.g3 Be7 40.Bc3 Kd7  1/2-1/2

[Event "Kaupthing Open"]
[Site "Differdange LUX"]
[Date "2008.05.16"]
[Round "8"]
[White "Drozdovskij,Y"]
[Black "Degtiarev,E"]
[Result "1-0"]
[WhiteElo "2581"]
[BlackElo "2350"]

1.d4 d5 2.c4 c6 3.Nf3 Nf6 4.Nc3 a6 5.c5 Bg4 6.Ne5 Be6 7.Bf4 Nbd7 8.Nd3 g6
9.e3 Bg7 10.Be2 O-O 11.O-O Bf5 12.Ne5 Nxe5 13.Bxe5 Ne4 14.Bxg7 Nxc3 15.bxc3 Kxg7
16.g4 Be6 17.Rb1 Qd7 18.f4 f5 19.h3 Rac8 20.Rf2 Rc7 21.Rg2 Qd8 22.Bf3 Bc8
23.Qe1 Kf7 24.Qg3 Ke8 25.Rb6 e6 26.Be2 Qe7 27.Bd3 Kd8 28.Rb1 Rf7 29.Rf2 Rg7
30.Kf1 Qf6 31.Ke2 Qe7 32.Kd2 Qf6 33.Rg2 Qe7 34.c4 Ke8 35.Be2 Qd8 36.Kc3 Rcf7
37.Rb6 Kf8 38.Qe1 Rc7 39.Kb2 Rcf7 40.Rb3 Kg8 41.Ka1 Kf8 42.Rb2 Kg8 43.h4 fxg4
44.Bxg4 Kh8 45.Be2 Rc7 46.Bd3 Rcf7 47.Rg5 Qc7 48.Rbg2 b6 49.cxb6 Qxb6 50.Rb2 Qd8
51.c5 Rb7 52.Rgg2 a5 53.Rh2 a4 54.a3 Rb3 55.Rxb3 axb3 56.Kb2 Qc7 57.Qb4 Qd8
58.Qb8 Kg8 59.Ba6 Rc7 60.h5 Kg7 61.hxg6 hxg6 62.Rg2 e5 63.fxe5 Kh6 64.Bd3 Rg7
65.Rh2+ Kg5 66.Qb4 Qd7 67.Qe1 Qg4 68.Be2  1-0

[Event "43rd Capablanca Memorial Open"]
[Site "Havana CUB"]
[Date "2008.05.16"]
[Round "9"]
[White "Gongora Reyes,M"]
[Black "Martinez,Lel"]
[Result "1-0"]
[WhiteElo "2422"]
[BlackElo "2499"]

1.d4 d5 2.c4 c6 3.Nc3 Nf6 4.Nf3 a6 5.c5 Nbd7 6.Bf4 Nh5 7.Bd2 g6 8.e4 dxe4
9.Nxe4 Nhf6 10.Nxf6+ Nxf6 11.Bc4 Bg7 12.O-O O-O 13.Qb3 Nd5 14.Rfe1 e6 15.Bg5 f6
16.Bh4 b5 17.cxb6 Rb8 18.Bg3 Rxb6 19.Qc2 Qe7 20.a3 a5 21.Nd2 e5 22.Ba2 Bf5
23.Qc1 e4 24.Nc4 Ra6 25.Bd6 Qa7 26.Bc5 Qb8 27.Nd6 Rd8 28.Nxe4 Kh8 29.Bc4 Ra8
30.Qd2 Nb6 31.b3 Nxc4 32.bxc4 Qc7 33.Re2 Bxe4 34.Rxe4 Qf7 35.Qe2 f5 36.Re7 Re8
37.Rxe8+ Rxe8 38.Qd3 h5 39.Rd1 Qe6 40.h3 Kg8 41.d5 cxd5 42.cxd5 Qd7 43.d6 Kh7
44.a4 Re5 45.Rc1 h4 46.Be3 Re6 47.Bf4 Qxa4 48.Qd2 Re4 49.Be3 f4 50.Bb6 Bd4
51.Bxa5 Bf6 52.Bc3 Bxc3 53.Rxc3 Qa1+ 54.Kh2 Re1 55.Rc7+ Kh8 56.Qxe1 Qxe1
57.d7  1-0

[Event "Mayors Cup Open"]
[Site "Mumbai IND"]
[Date "2008.05.19"]
[Round "11"]
[White "Ubilava,E"]
[Black "Bitan,B"]
[Result "0-1"]
[WhiteElo "2558"]
[BlackElo "2258"]

1.Nf3 d5 2.d4 c6 3.c4 Nf6 4.Nc3 a6 5.c5 Bf5 6.Qb3 Ra7 7.Bf4 Nbd7 8.h3 g6
9.e3 Bg7 10.Be2 O-O 11.Ne5 Ne4 12.Nxd7 Qxd7 13.f3 Nxc3 14.Qxc3 f6 15.g4 Be6
16.h4 Bf7 17.g5 Re8 18.gxf6 exf6 19.O-O-O h6 20.Kd2 Qd8 21.Bd3 f5 22.Rdg1 b6
23.cxb6 Qxb6 24.Rg2 c5 25.Qxc5 Qxb2+ 26.Qc2 Qb4+ 27.Qc3 Qa4 28.a3 Rb7 29.Rb1 Rxb1
30.Bxb1 Qd7 31.Qc7 Qb5 32.Bd3 Qb2+ 33.Qc2 Qxa3 34.Bxf5 Bxd4 35.Bd3 Qb4+ 36.Kd1 Bxe3
37.Bxg6 Qd4+ 38.Bd3+ Kh8 39.Bxe3 Rxe3 40.Qc8+ Be8 41.Rd2 Qa4+ 42.Kc1 Re1+
43.Kb2 Qb4+ 44.Kc2 d4  0-1

[Event "Guillermo Garcia Mem"]
[Site "Santa Clara CUB"]
[Date "2008.05.19"]
[Round "1"]
[White "Hernandez Carmenates,Hold"]
[Black "Glud,J"]
[Result "1-0"]
[WhiteElo "2568"]
[BlackElo "2456"]

1.d4 d5 2.c4 c6 3.Nf3 Nf6 4.Nc3 a6 5.cxd5 cxd5 6.Bg5 e6 7.e3 Be7 8.Bd3 Nbd7
9.O-O O-O 10.Rc1 b5 11.Ne5 Bb7 12.Qf3 Nxe5 13.dxe5 Nd7 14.Qh3 g6 15.Bxe7 Qxe7
16.Qg3 Rfd8 17.h4 Nc5 18.Bb1 d4 19.exd4 Rxd4 20.Ne2 Rd2 21.Nf4 Rad8 22.Nh5 Rxb2
23.Nf6+ Kg7 24.Qg5 Rc8 25.Nh5+ Kf8 26.Qh6+ Ke8 27.Nf6+ Kd8 28.Ng8  1-0

[Event "Guillermo Garcia Mem"]
[Site "Santa Clara CUB"]
[Date "2008.05.24"]
[Round "6"]
[White "Hernandez Carmenates,Hold"]
[Black "Arencibia Rodriguez,W"]
[Result "1/2-1/2"]
[WhiteElo "2568"]
[BlackElo "2534"]

1.Nf3 d5 2.d4 Nf6 3.c4 c6 4.Nc3 a6 5.cxd5 cxd5 6.Bg5 Ne4 7.Bf4 Nc6 8.e3 Qa5
9.Qb3 Qb4 10.Qxb4 Nxb4 11.Rc1 Bf5 12.a3 Nxc3 13.Rxc3 Nc6 14.Kd2 f6 15.h4 g6
16.Bd3 Bxd3 17.Kxd3 Bg7 18.Bg3 O-O 19.Rhc1 Rad8 20.b4 e5 21.Nd2 f5 22.Rxc6 e4+
23.Ke2 bxc6 24.Rxc6 Rf6 25.Rc7 Rf7 26.Rc6 Rf6 27.Rc7 Rf7 28.Rc5 Bf8 29.Ra5 Rf6
30.Nb3 Rc6 31.Kd2 Kf7 32.Bf4 Ke6 33.g3 Rd7 34.Ra4 Be7 35.Ra5 Bf8 36.Rc5 Rb6
37.Rc8 Kf7 38.Nc5 Ra7 39.Bb8 Re7 40.Kc3 Re8 41.Rxe8 Kxe8 42.Ba7 Bxc5 43.dxc5 Rb7
44.Bb6 Kd7 45.Kb3 Rb8 46.Kc3 Kc6 47.Kd4 Re8 48.a4 Re7  1/2-1/2

[Event "XXVII Open"]
[Site "Zalakarosi HUN"]
[Date "2008.05.25"]
[Round "4"]
[White "Romanishin,O"]
[Black "Bui Vinh"]
[Result "1/2-1/2"]
[WhiteElo "2514"]
[BlackElo "2448"]

1.d4 d5 2.Nf3 Nf6 3.c4 c6 4.Nc3 a6 5.g3 dxc4 6.Bg2 b5 7.Ne5 Bb7 8.O-O e6
9.a4 Qc8 10.e4 Nbd7 11.f4 Be7 12.f5 exf5 13.exf5 b4 14.Ne4 Nxe4 15.Bxe4 c5
16.Bxb7 Qxb7 17.Nxc4 O-O 18.d5 Bf6 19.Be3 Nb6 20.Rc1 Rac8 21.Nxb6  1/2-1/2

[Event "XXX Nezhmetdinov Mem"]
[Site "Kazan RUS"]
[Date "2008.06.03"]
[Round "3"]
[White "Mirzanurov,B"]
[Black "Rychagov,A"]
[Result "1/2-1/2"]
[WhiteElo "2321"]
[BlackElo "2565"]

1.d4 d5 2.c4 c6 3.Nf3 Nf6 4.Nc3 a6 5.cxd5 cxd5 6.Bf4 Nc6 7.e3 Bg4 8.Be2 e6
9.O-O Bd6 10.Bxd6 Qxd6 11.Rc1 O-O 12.h3 Bxf3 13.Bxf3 Rac8 14.Qd2 b5 15.Rfd1 g6
16.b3 Rc7 17.e4 dxe4 18.Nxe4 Nxe4 19.Bxe4 Ne7 20.Rxc7 Qxc7 21.d5 Nxd5 22.Bxd5 Rd8
23.Qg5 exd5 24.Rxd5 Rxd5  1/2-1/2

[Event "FSGM June"]
[Site "Budapest HUN"]
[Date "2008.06.12"]
[Round "6"]
[White "Bluvshtein,M"]
[Black "Bui Vinh"]
[Result "1-0"]
[WhiteElo "2544"]
[BlackElo "2448"]

1.d4 d5 2.c4 c6 3.Nc3 Nf6 4.Nf3 a6 5.a4 a5 6.cxd5 cxd5 7.Bf4 e6 8.e3 Bb4
9.Bd3 O-O 10.O-O Na6 11.Ne5 Be7 12.Rc1 Bd7 13.Qf3 Nb4 14.Bb1 Bc6 15.Qh3 Rc8
16.Ng4 g6 17.Nh6+ Kg7 18.Be5 Bd6 19.f4 Bxe5 20.fxe5 Nh5 21.Nxf7 Rxf7 22.Rxf7+ Kxf7
23.g4 Ng7 24.Qxh7 Qg8 25.Bxg6+ Ke7 26.Qh4+ Kd7 27.Rf1 Rf8 28.Rxf8 Qxf8 29.Qf6 Qg8
30.h4 Ne8 31.Qg5 Qf8 32.h5 Qf3 33.Qf4 Qxf4 34.exf4 Ke7 35.f5 exf5 36.gxf5 Nf6
37.exf6+  1-0

[Event "FSGM June"]
[Site "Budapest HUN"]
[Date "2008.06.13"]
[Round "7"]
[White "Wang Puchen"]
[Black "Nguyen Huynh Minh Huy"]
[Result "1/2-1/2"]
[WhiteElo "2397"]
[BlackElo "2482"]

1.d4 d5 2.c4 c6 3.Nf3 Nf6 4.Nc3 a6 5.c5 Bf5 6.Bf4 Nbd7 7.e3 Nh5 8.Bg5 h6
9.Bh4 g5 10.Nd2 Bg6 11.Be2 Ndf6 12.g4 Ng7 13.Bg3 h5 14.Qb3 Qc8 15.Na4 Nd7
16.gxh5 Nxh5 17.O-O-O Bg7 18.Bd3 Bxd3 19.Qxd3 Qd8 20.Qb3 Ra7 21.e4 Nxg3 22.hxg3 Rxh1
23.Rxh1 Bxd4 24.exd5 cxd5 25.Nf3 Bf6 26.Qxd5 e6 27.Qd6 Qc8 28.Nd2 Qc6 29.Qxc6 bxc6
30.Ne4 Ke7 31.Kc2 Rb7 32.a3 g4 33.Rd1 Be5 34.Nd6  1/2-1/2

[Event "IM"]
[Site "Danang VIE"]
[Date "2008.06.13"]
[Round "4"]
[White "Dao Thien Hai"]
[Black "Nava,R"]
[Result "1-0"]
[WhiteElo "2502"]
[BlackElo "2345"]

1.d4 d5 2.c4 c6 3.Nf3 Nf6 4.Nc3 a6 5.e3 b5 6.b3 Bg4 7.Be2 e6 8.O-O Be7 9.h3 Bh5
10.Bb2 O-O 11.Ne5 Bxe2 12.Nxe2 Nfd7 13.cxd5 cxd5 14.Rc1 Bd6 15.Nf4 Ra7 16.Qe2 Qb6
17.Nfd3 Rc7 18.Rxc7 Qxc7 19.Rc1 Qb7 20.Nxd7 Nxd7 21.Nc5 Bxc5 22.dxc5 Qc6
23.b4 e5 24.Rd1 Re8 25.Qd3 Nf6 26.f4 exf4 27.exf4 Re4 28.a3 a5 29.Bxf6 gxf6
30.Qxd5 Qxd5 31.Rxd5 axb4 32.c6 Rc4 33.axb4 Rxc6 34.Rxb5 Rc2 35.Kh2 Rc3 36.Rc5 Rb3
37.b5 Kg7 38.h4 h6 39.g3 Kg6 40.h5+ Kg7 41.Kh3 Rb4 42.Kg4 Rb3 43.Rd5 Rb4
44.Kf3 Rb3+ 45.Ke4 Rb4+ 46.Kd3 Kf8 47.Kc3 Rb1 48.Kc4  1-0

[Event "IM"]
[Site "Perm RUS"]
[Date "2008.06.14"]
[Round "4"]
[White "Shinkevich,V"]
[Black "Lavretzkij,R"]
[Result "1/2-1/2"]
[WhiteElo "2518"]
[BlackElo "2332"]

1.d4 d5 2.c4 c6 3.Nf3 Nf6 4.Nc3 a6 5.a4 e6 6.Bg5 Nbd7 7.e3 Qa5 8.cxd5 exd5
9.Bd3 Bd6 10.O-O O-O 11.Qc2 Re8 12.Rfe1 h6 13.Bh4 Qc7 14.e4 dxe4 15.Nxe4 Nxe4
16.Bxe4 Rf8 17.a5 g5 18.Bg3 Nf6 19.Bd3 Bxg3 20.hxg3 Bg4 21.Ne5 Rad8 22.Bc4 Kh8
23.Nxg4 Nxg4 24.Qf5 Qd7 25.Bd3 Qxf5 26.Bxf5 Nf6 27.Ra4  1/2-1/2

[Event "8th TCh-Euro U18 Girls"]
[Site "Szeged HUN"]
[Date "2008.06.14"]
[Round "1"]
[White "Misovic,S"]
[Black "Bucar,N"]
[Result "1-0"]
[WhiteElo "1892"]
[BlackElo "1800"]

1.d4 d5 2.c4 c6 3.Nf3 Nf6 4.Nc3 a6 5.e3 b5 6.cxb5 cxb5 7.a3 Bg4 8.Be2 e6
9.Bd2 Nbd7 10.Na2 Bd6 11.a4 bxa4 12.Qxa4 Qb8 13.b4 Bxf3 14.gxf3 Ke7 15.Nc1 Nb6
16.Qa2 Rc8 17.Bxa6 Nc4 18.Nd3 Rc6 19.b5 Rb6 20.Nc5 Rxb5 21.Qa4 Bxc5 22.dxc5 Rb1+
23.Ke2 Rxh1 24.Rxh1 Qa7 25.Ra1 Nxd2 26.Kxd2 Nd7 27.c6 Nc5 28.Qb4 Kd6 29.Rc1 Rb8
30.Qxc5+ Qxc5 31.Rxc5 Kxc5 32.c7 Ra8 33.c8=Q+ Rxc8 34.Bxc8 d4 35.f4 e5 36.fxe5 Kd5
37.e6 dxe3+ 38.Kxe3 fxe6 39.f4 e5 40.f5 e4 41.Bb7+ Ke5 42.Bxe4 g6 43.fxg6 hxg6
44.h4 Kf6 45.Kf4 Kg7 46.Kg5 Kh7 47.h5 Kg7 48.hxg6 Kg8 49.Kh6 Kh8  1-0

[Event "TCh-ARM"]
[Site "Yerevan ARM"]
[Date "2008.06.16"]
[Round "1"]
[White "Kotanjian,T"]
[Black "Minasian,Ara"]
[Result "1-0"]
[WhiteElo "2570"]
[BlackElo "2476"]

1.d4 d5 2.c4 c6 3.Nf3 Nf6 4.Nc3 a6 5.cxd5 cxd5 6.Bg5 Ne4 7.Bh4 Nc6 8.e3 Nxc3
9.bxc3 g6 10.Bd3 Bg7 11.O-O O-O 12.e4 Bg4 13.h3 Bxf3 14.Qxf3 dxe4 15.Bxe4 Qd7
16.Rab1 Rac8 17.Rb6 e5 18.d5 Na5 19.d6 Rc4 20.Be7 Rb8 21.Rfb1 Bf8 22.Bxb7 Bxe7
23.Bd5 Rf8 24.dxe7 Qxe7 25.Bxc4 Nxc4 26.Qf6 Qa3 27.Rb8 Nd2 28.Rxf8+ Qxf8
29.Rd1 Ne4 30.Qxe5 Nc5 31.Qd6  1-0

[Event "Open"]
[Site "Teplice CZE"]
[Date "2008.06.18"]
[Round "5"]
[White "Trapl,J"]
[Black "Straka,Jo"]
[Result "1-0"]
[WhiteElo "2337"]
[BlackElo "2078"]

1.d4 d5 2.Nf3 Nf6 3.c4 c6 4.Nc3 a6 5.Bf4 b5 6.cxb5 cxb5 7.Rc1 e6 8.e3 Bb7
9.Bd3 Bd6 10.Ne5 O-O 11.O-O Qb6 12.Qf3 Nfd7 13.Qg3 Bxe5 14.dxe5 f5 15.exf6 Nxf6
16.Bc7 Qc6 17.Nxb5 Qd7 18.Bxb8 Raxb8 19.Rc7 axb5 20.Rxd7 Nxd7 21.Qd6  1-0

[Event "TCh-TUR"]
[Site "Kocaeli TUR"]
[Date "2008.06.24"]
[Round "1"]
[White "Sanikidze,T"]
[Black "Seyhanoglu,D"]
[Result "1-0"]
[WhiteElo "2458"]
[BlackElo "2064"]

1.d4 d5 2.Nf3 Nf6 3.c4 c6 4.Nc3 a6 5.e3 b5 6.c5 Bf5 7.Qb3 Nbd7 8.a4 e6 9.Qa3 Rc8
10.Na2 Ne4 11.axb5 axb5 12.Nb4 Be7 13.Qa6 Qc7 14.Nxc6 Qxc6 15.Qxc6 Rxc6 16.Ra8+ Bd8
17.Bxb5 Rc7 18.Ne5 Nf6 19.Nc6 O-O 20.b4 Rb7 21.Ba6 Rc7 22.Nxd8 Nb6 23.Rb8 Nbd7
24.Rb7 Rxb7 25.Nxb7 Ra8 26.Bb5 Ra1 27.O-O Rb1 28.Bd2 Rb2 29.Bc3 Rb3 30.Rc1 Ne4
31.Be1 Ndf6 32.c6  1-0

[Event "TCh-TUR"]
[Site "Kocaeli TUR"]
[Date "2008.06.25"]
[Round "3"]
[White "Dogan,A"]
[Black "Tanrikulu,E"]
[Result "1-0"]
[WhiteElo "2027"]
[BlackElo "2228"]

1.d4 d5 2.c4 c6 3.Nc3 Nf6 4.Nf3 a6 5.c5 Bf5 6.Bf4 Nbd7 7.h3 e6 8.e3 b6 9.b4 bxc5
10.bxc5 Ne4 11.Nxe4 dxe4 12.Ne5 Nxe5 13.Bxe5 f6 14.Bg3 Qa5+ 15.Qd2 Qa3 16.Rb1 Rd8
17.Qb4 Qxa2 18.Bc7 a5 19.Qb7 Rd5 20.Ba6 Kf7 21.O-O Kg6 22.Ra1 Qd2 23.Bxa5 Qc2
24.Rfc1  1-0

[Event "TCh-TUR"]
[Site "Kocaeli TUR"]
[Date "2008.06.25"]
[Round "4"]
[White "Bayram,Y"]
[Black "Seyhanoglu,D"]
[Result "1-0"]
[WhiteElo "2337"]
[BlackElo "2064"]

1.d4 d5 2.c4 c6 3.Nc3 Nf6 4.Nf3 a6 5.c5 Bf5 6.e3 Nbd7 7.Nh4 Bg6 8.f4 e6 9.Nxg6 hxg6
10.Bd2 Nh5 11.Qf3 Qh4+ 12.Kd1 f5 13.Be1 Qd8 14.g4 Nhf6 15.g5 Ng8 16.b4 Qc8
17.h4 Kf7 18.Rh2 Be7 19.a4 Bd8 20.Rha2 Ne7 21.Ne2 a5 22.Nc1 b6 23.Nd3 axb4
24.cxb6 b3 25.Rb2 Bxb6 26.Rxb3 Ba5 27.Qf2 Qc7 28.Rab1 Bxe1 29.Qxe1 Rxa4 30.Rb7 Qd6
31.Rxd7  1-0

[Event "Duras IM Dopravni"]
[Site "Brno CZE"]
[Date "2008.06.27"]
[Round "1"]
[White "Kozak,Mi"]
[Black "Chladek,Va"]
[Result "1/2-1/2"]
[WhiteElo "2197"]
[BlackElo "2161"]

1.d4 Nf6 2.c4 c6 3.Nf3 d5 4.Nc3 a6 5.Ne5 Bf5 6.Qb3 Ra7 7.cxd5 cxd5 8.Bf4 e6
9.e3 Nbd7 10.Rc1 Nxe5 11.Bxe5 Nd7 12.Bg3 Be7 13.Be2 O-O 14.O-O b5  1/2-1/2

[Event "5th GM"]
[Site "Mulhouse FRA"]
[Date "2008.06.27"]
[Round "4"]
[White "Wirig,A"]
[Black "Kurmann,O"]
[Result "1/2-1/2"]
[WhiteElo "2477"]
[BlackElo "2385"]

1.d4 d5 2.c4 c6 3.Nf3 Nf6 4.Nc3 a6 5.e3 b5 6.b3 Bg4 7.Be2 e6 8.O-O Nbd7 9.h3 Bh5
10.Bb2 Bd6 11.Ne5 Bxe2 12.Nxe2 bxc4 13.bxc4 O-O 14.Rb1 Qc7 15.Nxd7 Nxd7 16.c5 Be7
17.Qa4 Rfb8 18.Bc3 Rxb1 19.Rxb1 Rb8 20.Rb3 Rxb3 21.axb3  1/2-1/2

[Event "International Open"]
[Site "Philadelphia USA"]
[Date "2008.06.27"]
[Round "2"]
[White "Ippolito,D"]
[Black "Swathi,G"]
[Result "1-0"]
[WhiteElo "2425"]
[BlackElo "2350"]

1.d4 d5 2.c4 c6 3.Nf3 Nf6 4.Nc3 a6 5.c5 Nbd7 6.Bf4 Nh5 7.Bd2 Nhf6 8.Bf4 Nh5
9.e3 Nxf4 10.exf4 e6 11.Bd3 b6 12.b4 a5 13.a3 g6 14.O-O Bg7 15.Ne5 Nxe5 16.fxe5 O-O
17.Na4 b5 18.Nb6 Ra7 19.a4 f6 20.axb5 fxe5 21.Nxc8 Qxc8 22.b6 Raf7 23.bxa5 exd4
24.a6 e5 25.Qb3 Qa8 26.b7 Qa7 27.Qb6 Qxb6 28.cxb6 e4 29.Bc2 h5 30.a7 Rxb7
31.a8=Q Rxa8 32.Rxa8+ Kh7 33.Rb1  1-0

[Event "1st Tournoi Circuit Espoirs Europe"]
[Site "Lyon FRA"]
[Date "2008.06.28"]
[Round "9"]
[White "Sachdev,T"]
[Black "Milliet,S"]
[Result "1/2-1/2"]
[WhiteElo "2423"]
[BlackElo "2354"]

1.d4 Nf6 2.Nf3 d5 3.c4 c6 4.Nc3 a6 5.cxd5 cxd5 6.Bf4 Nc6 7.Rc1 Bf5 8.Qb3 Na5
9.Qd1 Nc6 10.e3 Rc8 11.Be2 e6 12.Qb3 Na5 13.Qa4+ b5 14.Qd1 Bd6 15.Bxd6 Qxd6
16.Nxb5 Qb4+ 17.Nc3 Qxb2 18.Qd2 Qxd2+ 19.Nxd2 Rc6 20.O-O O-O 21.Na4 Rfc8
22.Rxc6 Rxc6 23.Nc5 Rb6 24.Ndb3 Nxb3 25.axb3 Ne4 26.Rc1 h6 27.f3 Nd2 28.Rc3 Nb1
29.Rc1 Nd2 30.Rc3 Nb1 31.Rc1 Nd2  1/2-1/2

[Event "1st Tournoi Circuit Espoirs Europe"]
[Site "Lyon FRA"]
[Date "2008.06.28"]
[Round "11"]
[White "Feller,S"]
[Black "Milliet,S"]
[Result "1-0"]
[WhiteElo "2540"]
[BlackElo "2354"]

1.d4 Nf6 2.Nf3 d5 3.c4 c6 4.Nc3 a6 5.cxd5 cxd5 6.Bf4 Nc6 7.Rc1 Bf5 8.Ne5 Rc8
9.f3 e6 10.g4 Bg6 11.h4 Nxe5 12.dxe5 d4 13.exf6 dxc3 14.Qxd8+ Rxd8 15.bxc3 h5
16.Be5 Rg8 17.gxh5 Bxh5 18.Rg1 g6 19.Rd1 Ba3 20.Bh3 Rxd1+ 21.Kxd1 Kd7 22.Kc2 Rc8
23.Bg4 Bxg4 24.fxg4 Rh8 25.Rh1 Bd6 26.Rd1  1-0

[Event "5th GM"]
[Site "Mulhouse FRA"]
[Date "2008.06.29"]
[Round "7"]
[White "Gozzoli,Y"]
[Black "Fargere,Fr"]
[Result "1/2-1/2"]
[WhiteElo "2509"]
[BlackElo "2367"]

1.d4 d5 2.c4 c6 3.Nf3 Nf6 4.Nc3 a6 5.a4 e6 6.Bg5 Nbd7 7.a5 Be7 8.e3 O-O 9.Bd3 dxc4
10.Bxc4 b5 11.axb6 Qxb6 12.Qc2 Bb7 13.Bd3 h6 14.Bxf6 Bxf6 15.O-O c5 16.Na4 Qb4
17.Nxc5 Nxc5 18.Qxc5 Qxc5 19.dxc5 Rfc8 20.Rac1 Bxb2 21.Rb1 Bxf3 22.gxf3 Rab8
23.Bxa6 Rxc5  1/2-1/2